My Top 10 Cuisines - Statistics

General Stats
  • This quiz has been taken 73 times
  • The average score is 8 of 10
Answer Stats
Rank Cuisine % Correct
2 Italian
100%
4 Chinese
92%
1 Japanese
89%
7 Thai
81%
3 Mexican
79%
8 Indian
77%
5 Korean
73%
6 Vietnamese
68%
9 Turkish
58%
10 Brazilian
50%
No matching quizzes found
Score Distribution
Percent of People with Each Score
Percentile by Number Answered
Your Score History
You have not taken this quiz